Atribuciones jurisdiccionales de la Asamblea Legislativa /
Dentro de las funciones del Poder Legislativo, se cita el determinar si procede admitir las acusaciones de cualquier persona que haya sido afectada de forma injusta por algún ministro u otro funcionario público de alta jerarquía en el Estado. A los funcionarios se les puede demandar, entre otras cos...
Furkejuvvon:
| Váldodahkki: | |
|---|---|
| Materiálatiipa: | Texto |
| Fáttát: | |
| Fáddágilkorat: |
Lasit fáddágilkoriid
Eai fáddágilkorat, Lasit vuosttaš fáddágilkora!
|
MARC
| LEADER | 00000 a a2200000 04500 | ||
|---|---|---|---|
| 001 | 6073 | ||
| 003 | |||
| 040 | |||
| 100 | |a Martínez Peñate, Oscar | ||
| 245 | |a Atribuciones jurisdiccionales de la Asamblea Legislativa / |c Oscar Martínez Peñate | ||
| 520 | |a Dentro de las funciones del Poder Legislativo, se cita el determinar si procede admitir las acusaciones de cualquier persona que haya sido afectada de forma injusta por algún ministro u otro funcionario público de alta jerarquía en el Estado. A los funcionarios se les puede demandar, entre otras cosas por haber violado o dejar de cumplir las leyes de la Constitución Política, comprometer la soberanía y seguridad del Estado, no cumplir con los deberes que el cargo le imponga, traición a la patria, malversación de fondos públicos, estafa, cohecho, soborno, sedición, falsa declaración fiscal y fraude fiscal. Si la demanda es aceptada, se establece un juicio político en contra del funcionario y se procede inmediatamente a la suspensión de las funciones del acusado. El juicio político busca que las personas que demandan a los funcionarios públicos de alto nivel pasen directamente a los tribunales, de tal forma que la Asamblea Legislativa determina la pertinencia en cada caso. OB/LOB | ||
| 650 | |a PODER LEGISLATIVO | ||
| 650 | |a SISTEMAS POLITICOS | ||
| 650 | |a IDEOLOGIAS | ||
| 650 | |a GRUPOS DE INTERESES | ||
| 650 | |a ESTADO | ||
| 650 | |a CONSTITUCIONES | ||
| 773 | |g volumen 17, número 722; páginas 9-11 | ||
| 999 | |c 26810 |d 26810 | ||
